[Event "Fraenkische GM 1st"]
[Site "Pulvermuehle"]
[Date "2000.01.12"]
[Round "1"]
[White "Gabriel, Christian"]
[Black "Wells, Peter K"]
[Result "1/2-1/2"]
[WhiteElo "2578"]
[BlackElo "2476"]
[Annotator "Golod,V"]
[PlyCount "43"]
[EventDate "2000.01.12"]
[EventType "tourn"]
[EventRounds "9"]
[EventCountry "GER"]
[EventCategory "10"]
[SourceTitle "CBM 075"]
[Source "ChessBase"]
[SourceDate "2000.04.05"]
[SourceVersion "1"]
[SourceVersionDate "2000.04.05"]
[SourceQuality "1"]

1. d4 Nf6 2. c4 e6 3. Nc3 Bb4 4. Qc2 O-O 5. a3 Bxc3+ 6. Qxc3 b6 7. Bg5 Ba6 8.
e3 d6 9. Nf3 (9. Bd3 $5 {[%cal Gg1e2] Is the main line.}) 9... Nbd7 10. b4 {
[%mdl 4]} ({Other alternatives are:} 10. Nd2 $5 {See comments to Ivanchuk,
V-Adams,M/ Linares,1999/CBM 70(0-1)(Golod,V)(40)}) ({and} 10. Bd3 $5) 10... c5
(10... h6 $143 11. Bh4 $140 g5 12. Bg3 Ne4 13. Qc2 f5 14. Nd2 Bb7 15. Nxe4 Bxe4
16. Qd2 $14 {Hillarp Persson,T-Ochsner,T/Copenhagen, 1997(1-0)(41)}) 11. dxc5 {
It's a principal decision,differently it is not possible to struglle for
advantage:} (11. Qb3 Qc7 12. dxc5 bxc5 13. Bd3 Rfc8 14. b5 Qa5+ 15. Ke2 Bb7 16.
Rab1 a6 17. a4 Ne4 $13 {Vasilescu,L-Iordachescu,V/Bucharest,1999 (0-1)(44)})
11... bxc5 12. b5 (12. Bd3 $143 Qc7 13. O-O Bb7 14. Nd2 d5 15. Bf4 e5 16. Bg3
d4 $11 {Alterman,B-Har Zvi,R/Tel Aviv,1996(1/2-1/2) (25)}) 12... Bb7 13. Bd3 a6
$5 {Besides,black has several options:} (13... d5 $5 14. O-O (14. Rd1 $5) 14...
Re8 15. Nd2 h6 16. Bh4 Qb6 {1/2-1/2 Hoang Than Trang-Gonzalez Garcia,J/
Budapest,1997(16)}) ({and} 13... Qb6 14. O-O Ne4 15. Bxe4 (15. Qc2 f5 $13)
15... Bxe4 16. Nd2 $14 Bg6 (16... Bb7 17. a4 a5 18. e4 Rfe8 19. f3 $14 {
Arlandi,E-Agopov,M/Batumi,1999(1-0)(46)}) 17. a4 {See comments to Dreev,
A-Zvjaginsev,V/ Groningen,1997/CBM 63(1-0)(Finkel,A)(34)}) ({and} 13... h6 $5
14. Bh4 Qe7 15. O-O g5 16. Bg3 Nh5 $13 {Krush,I-Levitt,J/London,1999(0-1)(33)})
14. O-O ({Dubious:} 14. a4 {in view of:} axb5 15. axb5 Rxa1+ 16. Qxa1 Qa8 17.
Qxa8 Rxa8 18. O-O h6 (18... Be4 $1 $15 {Finkel,A}) 19. Bh4 Kf8 20. Rd1 Ke7 21.
Nd2 g5 22. Bg3 Nh5 23. Kf1 Nxg3+ 24. hxg3 Ne5 25. Be2 d5 26. Nb3 Nd7 {1/2-1/2
Leitao,R-Milos,G/Sao Paulo,1999}) 14... axb5 15. cxb5 Bxf3 $146 (15... Ra4 {
(was checked in the previous game.)} 16. Bc2 Ra5 17. Rfd1 Rxb5 18. Rxd6 $13 {
Mariano,E-Aagaard,J/Groningen,1998(0-1) (46)}) 16. gxf3 Ne5 17. Be2 Ra4 {
[%csl Ya4][%cal Ga4h4] With help of this move black blocks white pawn(a3) and
also rook can join in the game on 4-th horisontally.} ({Much worse is:} 17...
Ne4 18. Qxe5 (18. Bxd8 $4 Nxc3 $19 {[%csl Rd8,Re2]}) 18... Nxg5 19. Qg3 $13) (
17... h6 $5 18. Bh4 {+/=/=} (18. f4 $143 Ned7 (18... Ne4 $6 19. Qxe5 Nxg5 20.
Qb2 $14) 19. Bh4 Ne4 20. Qc4 Qxh4 21. Qxe4 d5 $13)) 18. f4 ({Possibly it would
be a little better:} 18. Qc2 Qa8 19. Rfd1 Rd8 {+/=/=}) 18... Ned7 19. Bd1 {
However white is drawing (a4).} Ra5 20. a4 Qa8 21. Bc2 Qf3 22. Qxa5 {Making
this move Gabriel is agreed for draw,though from my opinion he could be
continueing the game:} (22. Rfd1 Qg4+ 23. Kf1 Qh3+ 24. Ke2 $14) 1/2-1/2

[Event "Hastings 00 75th"]
[Site "Hastings"]
[Date "2000.01.06"]
[Round "3"]
[White "Chandler, Murray G"]
[Black "Speelman, Jonathan S"]
[Result "1/2-1/2"]
[WhiteElo "2527"]
[BlackElo "2604"]
[Annotator "Golod,V"]
[PlyCount "106"]
[EventDate "2000.01.04"]
[EventType "tourn"]
[EventRounds "9"]
[EventCountry "ENG"]
[EventCategory "13"]
[SourceTitle "CBM 075"]
[Source "ChessBase"]
[SourceDate "2000.04.05"]
[SourceVersion "1"]
[SourceVersionDate "2000.04.05"]
[SourceQuality "1"]

1. d4 Nf6 2. c4 e6 3. Nc3 Bb4 4. Nf3 d6 5. Qc2 Nbd7 6. Bg5 ({Other lines are:} 
6. g3 {See comments to Greenfeld,A-Kurajica,B/ Belgrade,1999/CBM 69(1-0)(Golod,
V)(43)}) (6. a3) ({and} 6. Bd2) 6... h6 {Besides black has several options:} (
6... b6 $5 {Beliavsky,A-Komarov,D/Jugoslavija,1995/Inf 64/483(0-1)(Komarov,D)
(29)}) (6... Qe7 $5) (6... O-O) ({and} 6... c5) 7. Bh4 {This move better than:
7.Bd2 or 7.Bxf6.} b6 $5 {[%csl Re4][%cal Gc8b7]} ({Other alternatives are:} 
7... Qe7 $5 8. e3 b6 (8... g5 $5 9. Bg3 b6 10. Be2 $6 (10. Bd3 $142) 10... Bb7
11. O-O Bxc3 12. Qxc3 Ne4 13. Qc2 h5 $36 {Korhonen,E-Luik,H/Helsinki,1993(1/
2-1/2)(35)}) 9. Be2 Bb7 10. Bxf6 Bxc3+ 11. Qxc3 Qxf6 12. O-O O-O 13. Rfd1 $11 {
Bondarevsky,I-Lisitsin,G/Leningrad,1938 (0-1)(60)}) ({and} 7... O-O 8. e3 Re8
9. Be2 c6 10. O-O e5 11. Ne4 exd4 12. a3 $14 {Mueller,A-Buchenau,F/Germany,
1992(1-0) (27)}) 8. Nd2 $5 $146 {[%csl Re4][%cal Yd2e4][%mdl 8]} (8. e4 $5
Bxc3+ 9. bxc3 e5 10. c5 $13 {Smorodsky,A-Pavlov Pianov,N/Moscow, 1927(1/2-1/2)
(76)}) (8. e3 Bb7 9. Bd3 Qe7 10. O-O-O Bxc3 11. Qxc3 g5 $11 {1/2-1/2 Tyrtania,
M-Ostermeyer,P/GER-chT, 1989(11)}) ({and} 8. a3 $6 {(was checked in the
previous games)} Bxc3+ 9. Qxc3 Bb7 10. e3 Qe7 11. Be2 g5 12. Bg3 h5 13. h3 Ne4
14. Qc2 O-O-O $15 {Singer,R-Horvath,G/Zalakaros,1992(0-1) (27)}) 8... Bb7 9. e3
({It is clear that:} 9. e4 {dubious in view of:} c5) 9... a6 {[%csl Rb5][%cal
Gc7c5,Ya6b5]} 10. f3 c5 11. a3 cxd4 12. exd4 $6 ({From my opinion it would be
better to play:} 12. axb4 dxc3 13. bxc3 {with slight positional advantage of
white.}) 12... Bxc3 13. Qxc3 O-O 14. Be2 Rc8 {[%csl Rc3][%cal Gd6d5]} 15. Qd3
Qe7 16. O-O d5 $1 {Make made the game equal.} 17. cxd5 Bxd5 (17... exd5 $6 18.
Rfe1 $14) 18. Qxa6 Rc2 {[%csl Rb2,Rd2]} 19. Qd3 ({Dubious:} 19. Ne4 {because
of:} Rxb2 20. Nxf6+ Nxf6 21. Rfb1 Rxb1+ 22. Rxb1 Ra8 23. Qxb6 Qxa3 $36) 19...
Rxb2 20. Qc3 Ra2 $8 21. Rxa2 Bxa2 22. Bb5 $5 {with the idea 23.Qc7(פd7)} Bd5
23. Qc7 {[%csl Gb5,Gc7,Rd7,Yf6][%cal Gh4f6]} Qxa3 $1 {Black made obsolutely
right desicion that they made a sacrifice knight for two pawns.} (23... Rd8
$143 24. f4 {()}) 24. Bxd7 Qe3+ 25. Rf2 Nxd7 26. Qxd7 Ra8 27. Nf1 Qxd4 $11 {
[%mdl 1024] That position could be considered as dynamical equal position.} 28.
g4 {Probably this is the best desicion making more spaces for white.} (28. Bg3
$143 Ra1 $36) 28... b5 $6 ({It deserves attention:} 28... Ra3 {[%csl Rf3]}) 29.
Qxb5 Bxf3 30. h3 Bd5 ({Also possibly:} 30... e5 $5) 31. Qe2 Ra1 32. Kh2 $14 Bc6
33. Be7 Qd5 34. Ng3 Rd1 35. Bb4 Rd3 36. Bd2 g5 $6 {This move is a little
dubious because it makes weaker black's king and point f6 and g7.} 37. Bc1 Qd6
38. Be3 Qd5 39. Bc1 Qd6 40. Be3 Qd5 41. Qb2 $1 ({After:} 41. Bc1 {It turns in
tree times repetable position.}) 41... Qd6 ({Impossible:} 41... Rxe3 {in view
of:} 42. Qb8+ Kg7 43. Nh5+ Kh7 44. Rxf7+ Kg6 45. Qg8#) 42. Rd2 Rxd2+ 43. Qxd2
$2 {After this move black gets drawish endgame.They shouldn't have exchanged
queens:} (43. Bxd2 Qd5 44. Bc3 {/\Bh8->}) 43... Qxd2+ 44. Bxd2 Kh7 $11 {_|_}
45. Ne2 Kg6 46. Nd4 Bd5 47. Kg3 f5 48. Nf3 Bxf3 $1 {This is the forced way to
drawn.} 49. Kxf3 fxg4+ 50. Kxg4 h5+ 51. Kg3 Kf5 52. Kf2 (52. Bc1 $144 h4+ 53.
Kf3 e5 {[%cal Ge5e4,Gg5g4]}) 52... h4 53. Kf3 e5 (53... e5 54. Bc1 e4+ 55. Kf2
g4 $11) 1/2-1/2

[Event "Linares Anibal op 07th"]
[Site "Linares"]
[Date "2000.01.10"]
[Round "4"]
[White "Anastasian, Ashot"]
[Black "Estremera Panos, Sergio"]
[Result "0-1"]
[WhiteElo "2545"]
[BlackElo "2387"]
[Annotator "Golod,V"]
[PlyCount "50"]
[EventDate "2000.01.07"]
[EventType "swiss"]
[EventRounds "10"]
[EventCountry "ESP"]
[SourceTitle "CBM 075"]
[Source "ChessBase"]
[SourceDate "2000.04.05"]
[SourceVersion "1"]
[SourceVersionDate "2000.04.05"]
[SourceQuality "1"]

1. d4 Nf6 2. c4 e6 3. Nc3 Bb4 4. Qc2 O-O 5. a3 Bxc3+ 6. Qxc3 b6 7. Bg5 Bb7 8.
f3 d5 9. cxd5 {Unassuming move which is not giving special advantage.} (9. e3
$5 {Is the main line.See comments to Teplitsky,Y-Gershon,A/Bermuda,1999/CBM 69
(1/2-1/2)(Golod,V)(27) and Elbilia,J-Gershon,A/Bermuda,1999/CBM 69 (1/2-1/2)
(Golod,V)(43)}) 9... exd5 ({It's pretty interesting:} 9... Qxd5 $5 10. Bxf6
gxf6 11. e4 $1 (11. e3 c5 12. dxc5 Rc8 13. Qxf6 Qxc5 14. Qh6 Qc2 $44 {
Avshalumov,A-Karpman,V/Belgrade,1988 (0-1)(33)}) 11... Qd6 (11... Qd7 $5 12.
Rd1 f5 $13) 12. Rd1 Rd8 13. Bc4 $16 {Avshalumov,A}) 10. e3 {Besides this move
white has two principales moves:} (10. Bxf6 $6 Qxf6 11. Qxc7 Ba6 12. Qe5 Qc6
13. Nh3 Qc2 14. Qxd5 Nc6 15. e3 Rad8 $36 {Sapis,W-Gizynski,T/Wisla,1992(0-1)
(40)}) ({and} 10. Rc1 h6 11. Bh4 c6 12. e3 Re8 13. Bf2 c5 14. Bb5 Bc6 15. Bd3
c4 16. Bb1 Nbd7 17. Ne2 {+/=/= Chabanon,J-Kogan,A/Oakham,1990 (1-0)(42)}) 10...
Re8 {[%csl Re3,Ge8]} ({Slightly worse is:} 10... Nbd7 $5 11. Bd3 $5 (11. Nh3
$143 Re8 12. Be2 h6 13. Bh4 Qe7 14. Bf2 c5 $11 {Oblitas,C-Rubinetti,J/Buenos
Aire,1991(1-0) (67)}) 11... h6 12. Bh4 c5 13. Bf5 Qe8 14. Rd1 a5 15. Ne2 Ba6
16. Kf2 $14 {Chernin,A-Kiss,A/HUN,1999(1-0)(37)}) 11. Ne2 $146 {[%cal Ge2g3]} (
{Probably better is:} 11. Bb5 c6 12. Ba4 Nbd7 (12... h6 $5 13. Bh4 Qe7 14. Bf2
Nbd7 15. Rd1 a5 16. Ne2 b5 17. Bb3 $11 {Taskovits,I-Doery,J/HUN,1993(1/2-1/2)
(59)}) 13. Nh3 h6 14. Bxf6 Nxf6 15. O-O Qd6 16. Rfe1 Red8 17. b4 Rac8 18. Rac1
{+/=/= Andruet,G-Renet,O/Marseille,1989 (1/2-1/2)(26)}) 11... Nbd7 $11 12. Ng3
h6 $1 {Black moves away bishop from /^d8-h4 where it connected queen of black.}
13. Bf4 (13. Bh4 $4 g5 {[%csl Rh4]}) (13. Bxf6 $2 Qxf6 {/\c5=/+}) 13... c5 14.
Bb5 $2 {A little optimistic.More safely would be:} (14. Rd1 c4 15. Be2 Nf8 $13
{[%cal Gf8g6]}) 14... a6 15. Ba4 b5 16. Bd1 ({After:} 16. Bc2 Rc8 {white's
pieces are getting under black rook.}) 16... cxd4 $1 17. Qxd4 Rc8 {[%cal Gc8c4]
} 18. O-O $6 ({Also dubious:} 18. Be2 {in view of:} Nc5 {[%cal Gc5b3,Gc5e6]}) (
{and} 18. b3 Nc5 $17 {[%cal Gc5e6]}) ({Can be recommended:} 18. Kf1 $15) 18...
Rc4 $1 $17 {[%mdl 2048]} 19. Qa7 ({After:} 19. Qd2 {very strongly:} Qb6 {
[%csl Rf4,Rg1] with the idea Rf4 or g5} 20. Ne2 Nh5 21. Kh1 g5 22. b3 Rcc8 23.
Bg3 Qxe3 24. Qxe3 Rxe3 25. Bf2 Rd3 $17) 19... Bc8 20. Be2 ({Another
alternative is:} 20. Bb3 g5 21. Bd6 (21. Bxc4 $5 gxf4 {[%csl Rc4,Rg3]} 22. Nf5
bxc4 23. Nxh6+ Kg7 24. Nf5+ Kg6 25. e4 $17) 21... Nb6 22. Bb4 $2 (22. Bxc4 Qxd6
$17 {[%csl Ra7,Rc4][%cal Ge8e7]}) 22... Rxb4 $1 23. axb4 Re7 {[%csl Ra7]} 24.
Qb8 Nfd7 25. Qa7 (25. Qd6 Re6 {[%csl Rd6]}) 25... Ne5 26. Rxa6 (26. Qb8 Nc6 $19
) 26... Rxa7 27. Rxa7 Nc6 $19) 20... g5 $1 21. Bd6 ({Also it didn't decide any
problems:} 21. Bxc4 gxf4 {[%csl Rc4,Rg3]} 22. Nf5 bxc4 23. Nxh6+ Kg7 24. Nf5+
Kg6 $17) 21... Nb6 22. Bb4 $2 {[%mdl 8192] Gross blunder.} ({More stubborn
resistance after:} 22. Bxc4 Qxd6 {[%csl Ra7,Rc4][%cal Ge8e7]} 23. Bxb5 axb5 $17
(23... Re7 $143 24. Nf5 Bxf5 25. Qxa6 Qc5 $15)) 22... Rxb4 $1 {Nice move, now
queen a7 will be caught.} 23. axb4 Re7 {[%csl Ra7]} 24. Qb8 (24. Rxa6 Rxa7 25.
Rxa7 Qe8 $19 {[%csl Re3]}) 24... Nfd7 25. Qa7 (25. Qd6 $144 Re6) 25... Ne5 {
[%csl Ra7]} (25... Ne5 26. Qb8 Nc6 $19 {[%csl Rb8]}) 0-1

[Event "EuroTel Trophy"]
[Site "Prague"]
[Date "1998.09.12"]
[Round "5"]
[White "Kasparov, Garry"]
[Black "Timman, Jan H"]
[Result "1/2-1/2"]
[WhiteElo "2815"]
[BlackElo "2655"]
[Annotator "Golod,V"]
[PlyCount "56"]
[EventDate "1998.09.06"]
[EventType "match"]
[EventRounds "6"]
[EventCountry "CZE"]
[SourceTitle "CBM 067"]
[Source "ChessBase"]
[SourceDate "1998.11.30"]
[SourceVersion "2"]
[SourceVersionDate "1998.11.01"]
[SourceQuality "1"]

{[%mdl 4124]} 1. d4 Nf6 2. c4 e6 3. Nc3 Bb4 4. Qc2 O-O 5. a3 Bxc3+ 6. Qxc3 b6
7. Bg5 c5 ({Another line is:} 7... Bb7) 8. dxc5 bxc5 9. e3 $5 ({White has
several options:} 9. Nf3 $5) (9. Nh3 $5) 9... d6 $5 {This is the usual move.} (
{Black has few options} 9... a5 $5) (9... Bb7 $5) (9... Nc6 $5) (9... h6 $5 {
(see comments to Kiriakov,P-Epishin,V,Maikop1998(cbm66),1-0(50) Golod,V)}) 10.
O-O-O $5 {There are other lines.See comments to Drasko,M-Knezevic,B,Belgrad,
1998(cbm64),1-0(42)Gershon,A} Ne4 $142 {Other moves are not actual.} 11. Qd3
Nxf2 (11... Qxg5 $2 12. Qxe4 d5 13. cxd5 Bb7 14. Nh3 $1 $16 {/\Nf4(><d5)}) (
11... Nxg5 $2 12. h4 $36 {and} Ne4 {worse, because of} 13. Qxe4 Qb6 (13... d5
$2 14. cxd5 Bb7 15. Bd3 g6 16. Bc4) 14. Qxa8 Bb7 15. Rxd6 $1 Nc6 (15... Bxa8
16. Rxb6 axb6 17. Nf3 $16) 16. Qxf8+ Kxf8 17. Nf3 $16) 12. Bxd8 $8 Nxd3+ 13.
Bxd3 Rxd8 14. Be4 d5 15. cxd5 Bb7 $5 (15... f5 $143 16. Bf3 e5 17. d6 (17. e4
$143 Nd7 18. exf5 Nf6 19. g4 Bb7 {+/=/=}) 17... e4 18. Be2 Kf7 19. Nh3 $1 $14)
16. Ne2 exd5 $5 $146 (16... Nd7 $143 {in view of} 17. dxe6 Bxe4 18. e7 $1 Re8
19. Rxd7 f6 20. Ng3 Bg6 21. h4 h6 22. h5 Bh7 23. Rh4 $16 Kf7 24. Rc4 Rxe7 25.
Rxe7+ Kxe7 26. Rxc5 Kd6 27. b4 Re8 28. Kd2 Re5 29. Rxe5 Kxe5 30. a4 Bg8 31. b5
Bb3 32. a5 Bc4 33. b6 axb6 34. axb6 Bd5 35. e4 Bb7 36. Ke3 Bc6 37. Nf5 Bxe4 38.
g4 {1-0 Kasparov,G-Panno,O/Buenos Aires 1997/EXT 97 (38)}) 17. Nc3 (17. Nf4
$144) 17... Nc6 $5 (17... Nd7 $6 18. Bxd5 Rab8 (18... Bxd5 19. Rxd5 $14 {
[%csl Rc5][%cal Gh1d1]}) 19. Rhf1 $5 {[%csl Rf7]} Bxd5 20. Rxd5 $14) 18. Bxd5
$140 (18. Nxd5 $6 Rab8 $11) (18. Rxd5 $6 Na5 19. Rxd8+ (19. Rxc5 $4 Nb3+ 20.
Kc2 Nxc5 $19) 19... Rxd8 $11) 18... Na5 19. Bxb7 (19. Rhf1 $5 Bxd5 20. Nxd5
Nb3+ $5 (20... Rab8 $142 $5) (20... Nc6 $6 21. Rf2 $5 $14 {[%csl Rc5][%cal
Gf2c2]}) (20... Kf8 $6 21. Nc7 Rxd1+ 22. Rxd1 $14) 21. Kc2 Nd4+ 22. exd4 Rxd5
23. dxc5 Rxc5+ 24. Kb1 Rc7 25. Rd6 Kf8 {+/=/=}) 19... Nxb7 $11 20. Rhf1 $5 {
/\Rf4(f5)} (20. Rd5 Rxd5 21. Nxd5 Rd8 22. Rd1 Kf8 $11) 20... Kf8 21. Kc2 Rac8
$5 {/\22..Ke723.Nd5+Ke6(><c7)} 22. Rxd8+ Rxd8 23. Rf5 Ke7 {[%csl Rd5][%cal
Ge7e6]} 24. Ne4 Rc8 25. Rg5 Kf8 (25... g6 $2 26. Re5+ Kd7 (26... Kf8 27. g4 $5
h6 28. Kc3 $14) 27. g4 $1 $14) 26. Rd5 (26. Kc3 $5 Re8 27. Nxc5 (27. Kd3 Rd8+
28. Kc4 Rb8 $1 $11) 27... h6 $5 28. Rd5 (28. Nd7+ $4 Ke7 29. Rd5 (29. Rb5 Nd6
$19) 29... Rd8 $19) 28... Nxc5 29. Rxc5 Rxe3+ 30. Kd2 Rb3 31. Kc2 Re3 $1 $11 (
31... Rb7 $143 32. b4 $14)) 26... Ke7 27. Re5+ Kd7 28. g4 f6 (28... f6 29. Rh5
h6 $11) 1/2-1/2

[Event "Budapest FS06 GM"]
[Site "Budapest"]
[Date "1999.06.07"]
[Round "3"]
[White "Llanos, Guillermo"]
[Black "Zontakh, Andrey"]
[Result "0-1"]
[WhiteElo "2437"]
[BlackElo "2530"]
[Annotator "Golod,V"]
[PlyCount "62"]
[EventDate "1999.06.??"]
[EventType "tourn"]
[EventRounds "10"]
[EventCountry "HUN"]
[EventCategory "9"]
[SourceTitle "CBM 072"]
[Source "ChessBase"]
[SourceDate "1999.10.01"]
[SourceVersion "1"]
[SourceVersionDate "1999.10.01"]
[SourceQuality "1"]

1. d4 Nf6 2. c4 e6 3. Nc3 Bb4 4. Qc2 O-O 5. a3 Bxc3+ 6. Qxc3 b6 7. Bg5 Bb7 8.
f3 h6 9. Bh4 d5 10. cxd5 {[%mdl 4]} (10. e3 $5 {Is the main line.See comments
to Piket,J-Karpov,A/Monaco,1999/CBM 70(1/2-1/2)(Golod,V)(41)}) 10... exd5 11.
e3 $5 {Besides:11.Rc1;11.Bf6;11.Bf2;11.Nh3-was checked in the previous games.}
Re8 12. Be2 $6 ({In my opinion slightly better:} 12. Bf2 $5 c5 13. Bb5 cxd4 14.
Qxd4 Bc6 15. Bd3 Nbd7 16. Ne2 Nc5 17. Bc2 Bb5 18. Nc3 Bc4 19. O-O-O {+/=/=
Beliavsky,A-Lautier,J/Enghien-les-Bains FRA,1999(1/2-1/2)(81)}) ({or} 12. Nh3
$5 {-see comments to Khatov,A-Yakovich,Y/Novgorod,1997/CBM 60(1/2-1/2)(Fritz5.
00)(36)}) ({Also dubious:} 12. O-O-O Qe7 13. Kb1 c6 14. Bd3 Nbd7 15. Bf2 c5 16.
Ne2 c4 17. Bc2 b5 $36 {Gomez Esteban,J-Wehmeier,S/Olot 1994/EXT 97(0-1)(42)}) (
{and} 12. Bb5 {-see comments to Seirawan,Y-Topalov,V/Amsterdam 1996/CBM 52(1/
2-1/2)(Dautov)(42)}) 12... Qe7 $5 {[%csl Re3] /\c5 and Nc6 with the pressure
on point d4} ({Slightly worse is:} 12... Nbd7 13. Nh3 g5 $5 (13... c5 $5 14.
O-O Qe7 15. Bf2 Rac8 $5 (15... cxd4 $143 16. Qxd4 Nc5 17. Rad1 Rac8 18. Rfe1
$14 {1-0 Stefansson,H-Emms,J/Gausdal 1993/TD (40)}) 16. dxc5 Nxc5 17. Bb5 Nce4
18. Qd3 Nxf2 19. Nxf2 Bc6 20. Ba6 Bb7 21. Bb5 Bc6 22. Ba6 {1/2-1/2 Kouatly,
B-Stefansson,H/Reykjavik 1993/CBM 35 (22)}) 14. Bf2 c5 15. O-O Rc8 16. Rad1 a6
17. Bd3 cxd4 18. Qxd4 Ne5 19. Bf5 Rc4 20. Qd2 Bc8 $13 {0-1 Gladischev,O-Anka,E/
Budapest 1994/EXT 97 (34)}) 13. Bf2 c5 14. Kf1 $2 $146 (14. Bb5 $142 cxd4 15.
Qxd4 Nc6 16. Bxc6 Bxc6 17. a4 Nd7 18. Ne2 Nc5 19. Ra3 $11 {1-0 Pardo,M-Kropff,
R/Maringa 1991/EXT 98 (42)}) 14... Nc6 {[%csl Rc3][%cal Ga8c8]} 15. Re1 ({
Loses right away:} 15. Nh3 {in view of:} cxd4 {[%csl Re2,Ge7,Ge8]}) ({Can be
recommended:} 15. Bd3 {with the idea Ne2=/+}) 15... Rac8 16. Qd2 (16. Bd3 $2 {
is refuted by:} cxd4 17. exd4 $140 Ne5 $1 18. Qb3 (18. Rxe5 $2 Rxc3 19. Rxe7
Rxd3 20. Rxe8+ (20. Rxb7 $2 Rd1+ 21. Be1 Rexe1+ 22. Kf2 Rf1+ $19 {[%csl Rg1]})
20... Nxe8 $17 {[%csl Rb2]}) (18. Qd2 $2 Nxd3 19. Rxe7 (19. Qxd3 Qc7 $40) 19...
Rxe7 $40) 18... Nxd3 19. Rxe7 Ba6 (19... Rxe7 $5) 20. Rxe8+ Nxe8 $40 21. Qa4
Nc5+ 22. Qxa6 Nxa6 23. Ne2 Rc2 {=/+/-/+}) 16... Na5 {/\17...cxd4;17...Nc4 or
17...Nb3} 17. dxc5 $6 {Nevertheless better is:} (17. Nh3) ({or} 17. Bd3) 17...
Qxc5 $17 {[%csl Re3][%cal Ga5c4]} 18. Bd3 Nc4 19. Qe2 ({Also loses:} 19. Bxc4
Qxc4+ 20. Ne2 Ba6 {[%csl Re2]} 21. Kg1 $140 Qc2 22. Qxc2 Rxc2 23. Nd4 Rxb2 $19)
19... Nxe3+ $1 20. Bxe3 d4 $19 21. Bd2 (21. b4 $144 Qd5 $19) 21... Rxe2 22.
Nxe2 Nd7 $5 {[%csl Rd3][%cal Gd7e5]} ({Good enough:} 22... Qd5 $5) 23. Rc1 Qd6
24. Rxc8+ Bxc8 25. Kf2 (25. Bf4 Ne5 26. b4 Qf6 27. Bxe5 Qxe5 $19 {[%csl Re3]
[%cal Ge5e3]}) 25... Ne5 26. Be4 d3 27. Rc1 ({Slightly better is:} 27. Bb4 Qf6
28. Ng3 Qf4 {[%cal Ge5g4]} (28... Nc4 $5) 29. h3 Nc4 {[%cal Gf4e3]} 30. Rd1
Nxb2 31. Rd2 Qf6 $19 {[%cal Gf6d4]}) 27... Bd7 28. Bb4 Qf6 29. Nc3 (29. Ng3
Ng4+ 30. Ke1 (30. Kf1 Qxb2 $19) 30... Qd4 31. fxg4 Qe3+ {[%csl Rc1]} 32. Kd1
Ba4+ {[%csl Rd1]}) 29... Qf4 {[%csl Rc1][%cal Ge5g4]} 30. Re1 a5 31. g3 $2 ({
More stubborn resistance after:} 31. Be7 Ng4+ 32. Kf1 d2 33. Rb1 Be6 34. g3 Qe3
35. fxg4 Bxg4 $19) ({Everything else loses right away:} 31. Bd6 $2 Ng4+ {
[%csl Rd6]}) (31. Nd5 $2 Qh4+ 32. Kf1 axb4) 31... Qd2+ {[%csl Rb4,Rf2]} 0-1